Overwatch Quiz - Statistics

General Stats
  • This quiz has been taken 25 times
  • The average score is 9 of 15
Answer Stats
Hint Answer % Correct
How old is Orisa? 1 year old
86%
Which year did Overwatch win Game Of The Year? 2016
86%
What hero had their named changed? Cassidy
86%
What year did Overwatch League end? 2023
76%
How many Competitive Points is needed to buy a golden weapon? 3000
76%
What is the name of Reinhardts ultimate ability? Earthshatter
67%
Who was the first new hero to be introduced to Overwatch after the games release? Ana
62%
What is Mercys real name? Angela Ziegler
62%
What hero has the most legendary skins? Mercy
62%
What is the name of the famous Canadian Winston player who participated in Overwatch League? xQc
52%
What is the highest rank called in Overwatch? Champion
48%
What country is Freja originally from? Denmark
48%
What is the name of the 2cp map which takes place on the moon? Horizon Lunar Colony
48%
What is the name of the halloween gamemode where you protect a door from robots? Junkensteins Revenge
48%
Where is Illari originally from? Peru
43%
No matching quizzes found
Score Distribution
Percent of People with Each Score
Percentile by Number Answered
Your Score History
You have not taken this quiz